000 00632nam a2200241Ia 4500
003 OSt
005 20221005124042.0
006 a|||||r|||| 00| 0
007 ta
008 221004b |||||||| |||| 00| 0 eng d
024 _a65298
037 _cTextual
040 _aCRL
_cCRL
_beng
041 _2eng
_aeng
082 _aX:3M24xM70x, H7;G5
100 _aLenin V.I.
245 0 _aMarx-Engels Marxism
_b A collection of articles
260 _c1947
490 _aMarxist-Leninist library, 10.
650 _aECONOMICS
942 _hX:3M24xM70x, H7;G5
_cTEXL
_2cc
999 _c1049318
_d1049318